000
00199 a2200097 4500
001
9723
090
_c
7718
_d
7718
100
_a
Terry, T W
245
_a
Fighting Vehicles, V-7
260
_b
Brassey's
942
_a
NUST-CAE
_k
358.18 TER
999
_c
244796
_d
244796